000 00241nam a2200121Ia 4500
100 _aRajaraman
942 _cBK
654 _aFortran
245 _aComputer Programming in Fortran IV
260 _bnone
082 _a1.6
546 _aENGLISH
999 _c23606
_d23606